| 000 | 01576nam a2200409Ii 4500 | ||
|---|---|---|---|
| 001 | DIGLINK00929 | ||
| 003 | NyNyDIG | ||
| 006 | m o d | ||
| 007 | cr ||||||||||| | ||
| 008 | 150401t20132013sp o 000 0 spa d | ||
| 040 |
_aDGITA _beng _erda _epn _cDGITA |
||
| 020 |
_a9788490072431 _q(eBook) |
||
| 020 | _z9788490072813 | ||
| 043 | _ae-sp--- | ||
| 050 | 1 | 4 | _aPQ6555 eBook |
| 100 | 1 |
_aPérez Galdós, Benito, _d1843-1920, _eauthor |
|
| 245 | 1 | 0 |
_aEpisodios nacionales _nI. _pLa batalla de los Arapiles / _cBenito Pérez Galdós. |
| 246 | 3 | 3 | _aLa batalla de los Arapiles. |
| 264 | 1 |
_aBarcelona : _bwww.Linkgua-digital.com, _c2013. |
|
| 264 | 4 | _c©2013. | |
| 300 | _a1 online resource | ||
| 336 |
_atext _btxt _2rdacontent |
||
| 337 |
_acomputer _bc _2rdamedia |
||
| 338 |
_aonline resource _bcr _2rdacarrier |
||
| 490 | 1 | _aLinkgua narrativa | |
| 588 | 0 | _aOnline resource; title from ePub title page (Digitalia, viewed April 20, 2015) | |
| 650 | 0 |
_aSalamanca, Battle of, Salamanca, Spain, 1812 _vFiction. |
|
| 651 | 0 |
_aSpain _xHistory _yNapoleonic Conquest, 1808-1813 _vFiction. |
|
| 655 | 0 | _aElectronic books. | |
| 791 | 2 |
_aDigitalia (Firm), _edistributor. |
|
| 793 | 0 |
_gDigitalia eBook Collection: _aLinkgua. |
|
| 776 | 0 | 8 |
_iPrint version: _aPérez Galdós, Benito. _tEpisodios nacionales I : La batalla de los Arapiles. _dBarcelona : Linkgua, 2013 _z9788490072813 |
| 830 | 0 | _aNarrativa (Linkgua Ediciones) | |
| 856 | 4 | 0 |
_3Digitalia Hispánica _uhttps://www.digitaliapublishing.com/a/24225/ |
| 910 | _aPremium Collection: 2015 | ||
| 942 | _cRAA | ||
| 999 |
_c238237 _d238237 |
||